|
|
|
|
| LEADER |
01017nab a2200277 i 4500 |
| 001 |
publ4916 |
| 005 |
20190328091217.0 |
| 008 |
150216s2014 hu o 0|| angol d |
| 022 |
|
|
|a 0193-2691
|
| 024 |
7 |
|
|a 10.1080/01932691.2013.817314
|2 doi
|
| 024 |
7 |
|
|a 2588394
|2 mtmt
|
| 040 |
|
|
|a SZTE Publicatio Repozitórium
|b hun
|
| 041 |
|
|
|a angol
|
| 100 |
1 |
|
|a Csapó Edit
|
| 245 |
1 |
0 |
|a Surface and Structural Properties of Gold Nanoparticles and Their Biofunctionalized Derivatives in Aqueous Electrolytes Solution
|h [elektronikus dokumentum] /
|c Csapó Edit
|
| 260 |
|
|
|a Taylor & Francis Inc.
|c 2014
|
| 300 |
|
|
|a 815-825
|
| 490 |
0 |
|
|a Journal of Dispersion Science and Technology
|v 35 No. 6
|
| 700 |
0 |
1 |
|a Sebők Dániel
|e aut
|
| 700 |
0 |
2 |
|a Makrai Babić Julia
|e aut
|
| 700 |
0 |
2 |
|a Šupljika Filip
|e aut
|
| 700 |
0 |
2 |
|a Bohus Gabriella
|e aut
|
| 700 |
0 |
2 |
|a Dékány Imre
|e aut
|
| 700 |
0 |
2 |
|a Kallay Nikola
|e aut
|
| 700 |
0 |
2 |
|a Preočanin Tajana
|e aut
|
| 856 |
4 |
0 |
|u http://publicatio.bibl.u-szeged.hu/4916/1/2588394.pdf
|z Dokumentum-elérés
|